Fashion history Quiz Stats

 Plays Quiz not verified by Sporcle

Support Sporcle.
Go Orange.
Score 0/15 Timer 10:00
0 Plays Today
Fashion Year % Correct
Flappers1920
99.1%
Chanel1920
99.1%
boyish silhoutte1920
99.1%
Go Go boots1960
97.1%
Bright Colors and Shoulder Pads1980
97.1%
velvet suits1960
97.1%
Bohemian Style1970
96.6%
brown and orange1970
96.6%
Fashion Year % Correct
Grunge1990
96%
Costume Jewelry1950
95.7%
hourglass silhoutte1950
95.7%
saddle shoes1950
95.7%
Dior1940
94.5%
Hollywood glam1940
94.5%
Fedoras1930
92.8%

You're not logged in!

Compare scores with friends on all Sporcle quizzes.
OR
Log In
Forgot?

From the Vault

No Outline African Capitals

by kfastic

We took away the outlines because everyone kept coloring within the lines, and that's boring.
Remove Ads.
Support Sporcle.
Get the best of Sporcle when you Go Orange. This ad-free experience offers more features, more stats, and more fun while also helping to support Sporcle. Thank you for becoming a member.

Show Comments

Extras

Created Feb 22, 2011ReportNominate
Tags:fashion

Top Quizzes Today


Score Distribution

Your Account Isn't Verified!

In order to create a playlist on Sporcle, you need to verify the email address you used during registration. Go to your Sporcle Settings to finish the process.

Report this User

Report this user for behavior that violates our Community Guidelines.

Details: